Nederlandse voetbalclubs op een kaart - Statistieken

Algemene statistieken
  • Deze quiz is 364 keer genomen
    82 sinds de laatste reset
  • De gemiddelde score is 26 van 34
Antwoorden op de kaart
Antwoorden kleurgecodeerd door een groen-rode schaal op de quizkaart volgens % correct hieronder.
 
Antwoordstatistieken
Club % Correct
Ajax
97%
AZ
92%
PSV
92%
FC Groningen
87%
FC Utrecht
87%
Feyenoord
87%
Sparta Rotterdam
83%
NAC Breda
81%
PEC Zwolle
81%
Telstar
81%
Almere City FC
79%
Excelsior Rotterdam
79%
Heracles Almelo
79%
MVV Maastricht
79%
NEC
79%
SC Heerenveen
79%
FC Eindhoven
78%
VVV Venlo
78%
ADO Den Haag
76%
Fortuna Sittard
76%
SC Cambuur
76%
Vitesse
76%
FC Twente
75%
Go Ahead Eagles
75%
FC Emmen
71%
De Graafschap
70%
TOP Oss
70%
FC Volendam
68%
Willem II
68%
FC Den Bosch
67%
RKC Waalwijk
65%
FC Dordrecht
63%
Roda JC Kerkrade
62%
Helmond Sport
59%
Geen overeenkomende quizzen gevonden
Scoreverdeling
Procent van Mensen met Elke Score
Percentiel versus Aantal Correcte Antwoorden
Uw Scoregeschiedenis
U heeft deze quiz nog niet genomen sinds de laatste reset